02505 2200601 4500001002100000005001500021035002000036007000300056008004100059020002200100082001100122084001700133100002000150245005800170250001000228260003100238300003700269700001700306700002100323520073700344600001601081990002601097990002601123990002601149990002601175990002601201990002601227990002601253990002601279990002601305990002601331990002601357990002601383990002601409990002601435990002601461990002601487990002601513990002601539990002601565990002601591990002601617990002601643990002601669990002601695990002601721990002601747990002601773990002601799990002601825990002601851990002601877INLIS00000000000042920260429122114 a0010-0426000003ta260429 c 0 ind  a978-623-522-045-1 a570.76 a570.76 LAS g0 aLasmi, Ni Ketut1 aGemilang OSN IPA Biologi :bSMP/MTs /cNi Ketut Lasmi aEd. 1 aJakarta :bErlangga,c2024 avi, 216 hlm :bill ;c18 x 25 cm0 aW. Srigutomo0 aN. Resminingpuri aOlimpiade Sains Nasional (OSN) adalah sebuah ajang kompetisi bergengsi untuk peserta didik yang berprestasi di berbagai bidang sains. OSN bertujuan untuk menumbuhkan minat dan bakat peserta didik dalam bidang sains sejak dini, meningkatkan keterampilan berpikir kritis. kreatif, dan analitis, serta memperluas wawasan dan pengetahuan mereka. Selain itu, OSN berfungsi sebagai kompetisi yang dapat memotivasi peserta didik untuk terus belajar dan berprestasi lebih tinggi. Dalam upaya mendukung tujuan tersebut, buku Gemilang OSN IPA Biologi hadir menemani peserta didik dalam belajar. Buku ini memberikan panduan dalam tiap lingkup materi yang disusun berdasarkan Pedoman Olimpiade Sains Nasional Jenjang SMP/MTs Bidang IPA Biologi. 4aIPA-Biologi a11963/P.SMP1.B/B/2026 a11933/P.SMP1.B/B/2026 a11934/P.SMP1.B/B/2026 a11935/P.SMP1.B/B/2026 a11936/P.SMP1.B/B/2026 a11937/P.SMP1.B/B/2026 a11938/P.SMP1.B/B/2026 a11939/P.SMP1.B/B/2026 a11940/P.SMP1.B/B/2026 a11941/P.SMP1.B/B/2026 a11942/P.SMP1.B/B/2026 a11943/P.SMP1.B/B/2026 a11944/P.SMP1.B/B/2026 a11945/P.SMP1.B/B/2026 a11946/P.SMP1.B/B/2026 a11947/P.SMP1.B/B/2026 a11948/P.SMP1.B/B/2026 a11949/P.SMP1.B/B/2026 a11950/P.SMP1.B/B/2026 a11951/P.SMP1.B/B/2026 a11952/P.SMP1.B/B/2026 a11953/P.SMP1.B/B/2026 a11954/P.SMP1.B/B/2026 a11955/P.SMP1.B/B/2026 a11956/P.SMP1.B/B/2026 a11957/P.SMP1.B/B/2026 a11958/P.SMP1.B/B/2026 a11959/P.SMP1.B/B/2026 a11960/P.SMP1.B/B/2026 a11961/P.SMP1.B/B/2026 a11962/P.SMP1.B/B/2026